000 00528nam a22001937a 4500
003 OSt
005 20140310182759.0
008 130212t xxu||||| |||| 00| 0 eng d
050 _aHF 5386
_b.H645 1968
082 _aM 650.1
_bH55 1968
245 _aThe law of success
_cHill, Napoleon
260 _aIndia :
_bD.B. Taraporevala Sons & Co. Private Ltd.
_cc1968.
300 _axiv, 574 p.
_bill. ;
_c21 cm.
521 _aCollege Students
526 _c1210L-1700L
541 _j1
562 _e1
942 _2lcc
_cBK
_kM
999 _c15931
_d15931